Adobe Dreamweaver CS5 : (Record no. 14580)
[ view plain ]
| 000 -LEADER | |
|---|---|
| fixed length control field | 02698cam a22003737a 4500 |
| 001 - CONTROL NUMBER | |
| control field | 16542852 |
| 003 - CONTROL NUMBER IDENTIFIER | |
| control field | URS |
| 005 - DATE AND TIME OF LATEST TRANSACTION | |
| control field | 20220114171721.0 |
| 007 - PHYSICAL DESCRIPTION FIXED FIELD--GENERAL INFORMATION | |
| fixed length control field | co ug||||||||| |
| 008 - FIXED-LENGTH DATA ELEMENTS--GENERAL INFORMATION | |
| fixed length control field | 101118s2010 caua f 001 0 eng d |
| 010 ## - LIBRARY OF CONGRESS CONTROL NUMBER | |
| LC control number | 2010283852 |
| 020 ## - INTERNATIONAL STANDARD BOOK NUMBER | |
| International Standard Book Number | 9780321701770 |
| 020 ## - INTERNATIONAL STANDARD BOOK NUMBER | |
| International Standard Book Number | 0321701771 |
| 035 ## - SYSTEM CONTROL NUMBER | |
| System control number | (OCoLC)ocn642698311 |
| 042 ## - AUTHENTICATION CODE | |
| Authentication code | lccopycat |
| 050 00 - LIBRARY OF CONGRESS CALL NUMBER | |
| Classification number | TK5105.8885.D74 |
| Item number | M36 2010 |
| 082 04 - DEWEY DECIMAL CLASSIFICATION NUMBER | |
| Classification number | 006.74 |
| Edition number | 22 |
| 100 1# - MAIN ENTRY--PERSONAL NAME | |
| Personal name | Maivald, James J. |
| 245 10 - TITLE STATEMENT | |
| Title | Adobe Dreamweaver CS5 : |
| Remainder of title | classroom in a book : the official training workbook from Adobe Systems / |
| Statement of responsibility, etc. | [James J. Maivald]. |
| 260 ## - PUBLICATION, DISTRIBUTION, ETC. | |
| Place of publication, distribution, etc. | Berkeley, Calif. : |
| Name of publisher, distributor, etc. | Adobe Press, |
| Date of publication, distribution, etc. | c2010. |
| 300 ## - PHYSICAL DESCRIPTION | |
| Extent | xix, 427 p. : |
| Other physical details | col. ill. ; |
| Dimensions | 24 cm. + |
| Accompanying material | 1 DVD-ROM. |
| 490 1# - SERIES STATEMENT | |
| Series statement | Classroom in a book |
| 500 ## - GENERAL NOTE | |
| General note | Includes index. |
| 500 ## - GENERAL NOTE | |
| General note | Includes a Windows and Mac OS compatible DVD-ROM with lesson files and 1-2 hours of premium video training from Learn Adobe Dreamweaver CS5 by Video. |
| 505 2# - FORMATTED CONTENTS NOTE | |
| Formatted contents note | Starting up -- Bridge lesson 1: using Adobe Bridge -- Photoshop lesson 1: exploring Photoshop -- Photoshop lesson 2: getting to know the workspace -- Photoshop lesson 3: the basics of working with Photoshop -- Photoshop lesson 4: making the best selections -- Photoshop lesson 5: painting and retouching -- Photoshop lesson 6: creating a good image -- Dreamweaver lesson 1: Dreamweaver CS5 jumpstart -- Dreamweaver lesson 2: setting up a new site -- Dreamweaver lesson 3: adding text and images -- Dreamweaver lesson 4: styling your pages with CSS -- Dreamweaver lesson 5: managing your web site: reports, optimization, and maintenance -- Flash lesson 1: Flash CS5 jumpstart -- Flash lesson 2: getting started with the drawing tools -- Flash lesson 3: creating basic animation -- Flash lesson 4: delivering your final movie -- Fireworks lesson 1: Adobe Fireworks jumpstart -- Illustrator lesson 1: Illustrator CS5 essentials -- Illustrator lesson 2: adding color -- Illustrator lesson 3: working with the drawing tools -- InDesign lesson 1: InDesign CS5 essential skills -- InDesign lesson 2: building documents with master pages -- InDesign lesson 3: working with text and type -- InDesign lesson 4: working with styles -- InDesign lesson 5: working with graphics. |
| 630 00 - SUBJECT ADDED ENTRY--UNIFORM TITLE | |
| Uniform title | Dreamweaver (Computer file) |
| Form subdivision | Handbooks, manuals, etc. |
| 650 #0 - SUBJECT ADDED ENTRY--TOPICAL TERM | |
| Topical term or geographic name entry element | HTML editors (Computer programs) |
| Form subdivision | Handbooks, manuals, etc. |
| 650 #0 - SUBJECT ADDED ENTRY--TOPICAL TERM | |
| Topical term or geographic name entry element | Web sites |
| General subdivision | Authoring programs |
| Form subdivision | Handbooks, manuals, etc. |
| 710 2# - ADDED ENTRY--CORPORATE NAME | |
| Corporate name or jurisdiction name as entry element | Adobe Systems. |
| 830 #0 - SERIES ADDED ENTRY--UNIFORM TITLE | |
| Uniform title | Classroom in a book. |
| 906 ## - LOCAL DATA ELEMENT F, LDF (RLIN) | |
| a | 7 |
| b | cbc |
| c | copycat |
| d | 2 |
| e | ncip |
| f | 20 |
| g | y-gencatlg |
| 942 ## - ADDED ENTRY ELEMENTS (KOHA) | |
| Source of classification or shelving scheme | Library of Congress Classification |
| Koha item type | Foreign Books |
| Withdrawn status | Source of classification or shelving scheme | Damaged status | Not for loan | Collection code | Home library | Current library | Shelving location | Date acquired | Total Checkouts | Full call number | Barcode | Date last seen | Price effective from | Koha item type |
|---|---|---|---|---|---|---|---|---|---|---|---|---|---|---|
| Library of Congress Classification | Non-fiction | Binangonan College Library | Binangonan College Library | Foreign Section | 06/07/2023 | TK5105.8885.D74 M36 2010 | URSBIN-01211 | 02/23/2017 | 02/23/2017 | Foreign Books |